[Event "Muensterland Regionalliga 2122"]
[Site "Germany"]
[Date "2021.10.02"]
[Round "1.7"]
[White "Woltering, Martin"]
[Black "Schmidt, Sebastian1111"]
[Result "0-1"]
[WhiteElo "1789"]
[BlackElo "1627"]
[PlyCount "106"]
[EventDate "2021.10.02"]
[EventType "team-tourn"]
[EventRounds "3"]
[EventCountry "GER"]
[SourceTitle "EXT 2023"]
[Source "ChessBase"]
[SourceDate "2022.10.05"]
[SourceVersion "1"]
[SourceVersionDate "2022.10.05"]
[SourceQuality "1"]
[WhiteTeam "Ahaus Wessum"]
[BlackTeam "Borken"]
[WhiteTeamCountry "GER"]
[BlackTeamCountry "GER"]

1. e4 e5 2. Bc4 Nc6 3. Nc3 Nf6 4. d3 Na5 5. Bb3 Nxb3 6. axb3 h6 7. Be3 a6 8. Nf3 d6 9. h3 Be7 10. 0-0 0-0 11. Nh2 Nh7 12. f4 exf4 13. Bxf4 f5 14. Qd2 fxe4 15. dxe4 Be6 16. Nf3 Nf6 17. Nd4 Qd7 18. Rae1 Nh5 19. Nxe6 Qxe6 20. Nd5 Nxf4 21. Nxf4 Qe5 22. Qd5+ Qxd5 23. Nxd5 Rxf1+ 24. Rxf1 Bd8 25. c3 c6 26. Ne3 Bb6 27. Kf2 Re8 28. Kf3 d5 29. Nf5 Rxe4 30. Nd6 Re3+ 31. Kg4 Re2 32. Nc8 Bc5 33. b4 Bf8 34. g3 Rxb2 35. Nb6 Re2 36. Nd7 Bd6 37. Rf3 Re7 38. Nb6 Re4+ 39. Kh5 Kh7 40. g4 g6+ 41. Kh4 Kg7 42. Nc8 Be7+ 43. Kg3 Bf6 44. Kf2 d4 45. Nd6 dxc3 46. Nxe4 c2 47. Nxf6 c1Q 48. Ne8+ Kh8 49. Rf8+ Kh7 50. g5 Qd2+ 51. Kf1 Qd3+ 52. Kf2 Qd2+ 53. Kf1 hxg5 0-1

[Event "Muensterland Regionalliga 1718"]
[Site "Germany"]
[Date "2018.01.13"]
[Round "5.7"]
[White "Wuestnienhaus, Andreas"]
[Black "Woltering, Martin"]
[Result "1/2-1/2"]
[WhiteElo "1849"]
[BlackElo "1801"]
[PlyCount "22"]
[EventDate "2017.09.02"]
[EventType "team-tourn"]
[EventRounds "9"]
[EventCountry "GER"]
[SourceTitle "EXT 2019"]
[Source "ChessBase"]
[SourceDate "2018.10.10"]
[SourceVersion "1"]
[SourceVersionDate "2018.10.10"]
[SourceQuality "1"]
[WhiteTeam "Bocholt"]
[BlackTeam "Ahaus Wessum"]
[WhiteTeamCountry "GER"]
[BlackTeamCountry "GER"]

1. d4 e6 2. c4 f5 3. Nc3 Nf6 4. g3 Be7 5. Bg2 d6 6. Nf3 0-0 7. 0-0 Qe8 8. Qc2 Nc6 9. e4 e5 10. dxe5 dxe5 11. Bg5 Qh5 1/2-1/2

[Event "Muensterland Regionalliga 1718"]
[Site "Germany"]
[Date "2017.09.30"]
[Round "2.5"]
[White "Woltering, Martin"]
[Black "Peters, Helmut"]
[Result "0-1"]
[WhiteElo "1801"]
[BlackElo "1980"]
[PlyCount "70"]
[EventDate "2017.09.02"]
[EventType "team-tourn"]
[EventRounds "9"]
[EventCountry "GER"]
[SourceTitle "EXT 2019"]
[Source "ChessBase"]
[SourceDate "2018.10.10"]
[SourceVersion "1"]
[SourceVersionDate "2018.10.10"]
[SourceQuality "1"]
[WhiteTeam "Ahaus Wessum"]
[BlackTeam "Muenster SK III"]
[WhiteTeamCountry "GER"]
[BlackTeamCountry "GER"]

1. e4 c5 2. Nc3 e6 3. f4 Nc6 4. Nf3 d5 5. Bb5 d4 6. Ne2 Qb6 7. a4 a6 8. Bxc6+ Qxc6 9. d3 Nf6 10. 0-0 a5 11. Kh1 Be7 12. Ng3 h5 13. e5 Nd5 14. Qe2 h4 15. Ne4 h3 16. gxh3 f5 17. exf6 gxf6 18. Qg2 Bd7 19. Qg6+ Kd8 20. Bd2 Kc7 21. Qg2 Rag8 22. Ng3 e5 23. Ng1 Bxh3 24. Nxh3 Rxh3 25. Qxh3 Nxf4+ 26. Ne4 Nxh3 27. Rf3 f5 28. Rxf5 Qg6 29. Ng3 Qc6+ 30. Ne4 Qg6 31. Ng3 Bh4 32. Raf1 Bxg3 33. Bxa5+ b6 34. Bxb6+ Qxb6 35. Rf7+ Kd8 0-1

[Event "Muensterland Verbandsliga 1617"]
[Site "Germany"]
[Date "2016.10.01"]
[Round "2.5"]
[White "Woltering, Martin"]
[Black "Hemmers, Dieter"]
[Result "0-1"]
[WhiteElo "1785"]
[BlackElo "1782"]
[PlyCount "76"]
[EventDate "2016.09.10"]
[EventType "team"]
[EventRounds "9"]
[EventCountry "GER"]
[SourceTitle "EXT 2018"]
[Source "ChessBase"]
[SourceDate "2017.10.13"]
[SourceVersion "1"]
[SourceVersionDate "2017.10.13"]
[SourceQuality "1"]
[WhiteTeam "Ahaus Wessum"]
[BlackTeam "Emsdetten Rochade II"]
[WhiteTeamCountry "GER"]
[BlackTeamCountry "GER"]

1. e4 c5 2. Nc3 Nc6 3. f4 e6 4. Nf3 g6 5. Bb5 Nge7 6. 0-0 Bg7 7. Bxc6 Nxc6 8. e5 d6 9. exd6 Qxd6 10. d3 b6 11. Qe1 0-0 12. Qh4 Qd8 13. Qg3 Nd4 14. Nxd4 Bxd4+ 15. Be3 Bg7 16. Rad1 Bb7 17. Qf2 Qc7 18. Bc1 Qc6 19. Ne2 Qa4 20. b3 Qxa2 21. Rd2 Rad8 22. Rfd1 Rd7 23. Qh4 Rfd8 24. Kh1 b5 25. Qg5 f5 26. h4 Kf7 27. h5 Qa6 28. Ng3 c4 29. bxc4 bxc4 30. Re2 cxd3 31. cxd3 Rxd3 32. Rde1 Qc6 33. hxg6+ hxg6 34. Nxf5 gxf5 35. Rxe6 Rh8+ 36. Kg1 Bd4+ 37. Kf1 Rh1+ 38. Ke2 Rxe1+ 0-1

[Event "Muensterland Verbandsliga 1516"]
[Site "Germany"]
[Date "2016.01.16"]
[Round "5.6"]
[White "Woltering, Martin"]
[Black "Thiry, Franz Josef"]
[Result "1-0"]
[WhiteElo "1738"]
[BlackElo "1616"]
[PlyCount "83"]
[EventDate "2015.09.12"]
[EventType "team"]
[EventRounds "9"]
[EventCountry "GER"]
[SourceTitle "EXT 2017"]
[Source "ChessBase"]
[SourceDate "2016.10.25"]
[SourceVersion "1"]
[SourceVersionDate "2016.10.25"]
[SourceQuality "1"]
[WhiteTeam "Ahaus Wessum"]
[BlackTeam "Muenster SK V"]
[WhiteTeamCountry "GER"]
[BlackTeamCountry "GER"]

1. e4 c5 2. Nc3 a6 3. f4 b5 4. Nf3 Bb7 5. d3 e6 6. Be2 d6 7. 0-0 Nd7 8. Qe1 Ne7 9. Qg3 b4 10. Nd1 d5 11. Nf2 dxe4 12. dxe4 Nf6 13. Bd3 Qc7 14. b3 Ng6 15. e5 Nd5 16. f5 exf5 17. Bxf5 Nc3 18. Re1 Be7 19. h4 Bxf3 20. Qxf3 Rd8 21. e6 Nxh4 22. exf7+ Kf8 23. Qg4 Nxf5 24. Qxf5 Qd7 25. Qf3 Qd5 26. Ne4 Nxe4 27. Rxe4 Qd1+ 28. Qxd1 Rxd1+ 29. Kf2 Kxf7 30. Rxe7+ Kxe7 31. Bg5+ Ke6 32. Rxd1 h6 33. Rd8 Rxd8 34. Bxd8 Kd5 35. Ke3 g6 36. Kd3 h5 37. Bg5 a5 38. g3 a4 39. Bd8 a3 40. Bg5 Ke5 41. Kc4 Kd6 42. Be3 1-0

[Event "Muensterland Verbandsklasse-A 0910"]
[Site "Germany"]
[Date "2010.03.20"]
[Round "8.5"]
[White "Woltering, Martin"]
[Black "Gerighausen, Karl Heinz"]
[Result "1/2-1/2"]
[WhiteElo "1727"]
[BlackElo "1718"]
[PlyCount "39"]
[EventDate "2009.09.19"]
[EventType "team-tourn"]
[EventRounds "9"]
[EventCountry "GER"]
[SourceTitle "EXT 2011"]
[Source "ChessBase"]
[SourceDate "2010.11.26"]
[SourceVersion "1"]
[SourceVersionDate "2010.11.26"]
[SourceQuality "1"]
[WhiteTeam "Ahaus Wessum II"]
[BlackTeam "Ibbenbueren"]
[WhiteTeamCountry "GER"]
[BlackTeamCountry "GER"]

1. e4 c5 2. f4 e6 3. Nf3 d5 4. exd5 exd5 5. d4 Bd6 6. Ne5 Bxe5 7. dxe5 Nc6 8. Nc3 Nge7 9. Bb5 0-0 10. 0-0 f6 11. Bxc6 bxc6 12. exf6 Rxf6 13. Ne4 Rf7 14. Nxc5 Nf5 15. Kh1 Qb6 16. Nd3 Ba6 17. Re1 Bxd3 18. Qxd3 Qd4 19. Qf3 Rff8 20. c3 1/2-1/2